Statistics for Reverse Dictionary #57

Click here to take the quiz!

General Stats

  • This quiz has been taken 16 times
  • The average score is 17 of 25

Answer Stats

DefinitionFirst
Letter
Word% Correct
A vegetable with a nutritious, juicy, sweet root that is often orange in colour, Daucus carota, especially the subspecies sativus in the family Apiaceae.CCarrot
100%
A recipient of hospitality, especially someone staying by invitation at the house of another.GGuest
100%
(informal) A terrifying and dangerous creature.MMonster
100%
A female parent, sometimes especially a human; a female who parents a child (which she has given birth to, adopted, or fostered).MMother
100%
The upper leg of a human, between the hip and the knee.TThigh
100%
To express gratitude or appreciation toward.TThank
93%
Authorization; consent.PPermission
87%
A member of a ground-based army, of any rank, but especially an enlisted member.SSoldier
87%
A wide bowl for washing, sometimes affixed to a wall.BBasin
80%
A public display of group opinion, such as a protest march.DDemonstration
80%
Fired ceramic wares that contain clay when formed.PPottery
80%
(electronics) A device used to power electric devices, consisting of a set of electrically connected electrochemical or, archaically, electrostatic cells.BBattery
73%
(medicine) A preparation administered subcutaneously, intravenously, or intramuscularly by use of a syringe and a needle.IInjection
73%
Very funny; causing great merriment and laughter.HHilarious
67%
A part of a larger whole, usually in such a form that it is able to be separated from other parts.PPiece
67%
A construction or natural feature that spans a divide.BBridge
60%
To cause (something) to cease to be in one's possession or capability.LLose
60%
Eager or inordinate desire for some object that confers distinction, as preferment, honor, superiority, political power, or fame; desire to distinguish one's self from other people.AAmbition
47%
To make a loud, hollow, resonant sound.BBoom
47%
Functioning and ready for use.OOperational
47%
A small sheet of paper containing information, used for dissemination of said information, often an advertisement.LLeaflet
40%
An event that appears inexplicable by the laws of nature and so is held to be supernatural in origin.MMiracle
40%
A heroic or extraordinary deed.EExploit
33%
Temperament, temperamental makeup or habitual mood.DDisposition
20%
(botany) A group of bracts resembling the outermost whorl of flower parts, i.e., the part made up of the sepals.EEpicalyx
0%

Score Distribution

Percentile by Number Answered

Percent of People with Each Score

Your Score History

You have not taken this quiz